Προβλέψεις οπισθοχώρησης των παραλιών λόγω της ανόδου της θαλάσσιας στάθμης στην Πελοπόννησο : πτυχιακή εργασία

Αποθηκεύτηκε σε:
Λεπτομέρειες βιβλιογραφικής εγγραφής
Κύριος συγγραφέας: Καρέλα, Βασιλική
Συγγραφή απο Οργανισμό/Αρχή: Πανεπιστήμιο Αιγαίου Σχολή Περιβάλλοντος Τμήμα Επιστημών της Θάλασσας
Άλλοι συγγραφείς: Βελεγράκης, Αντώνιος Φ. (Εισηγητής διατριβής)
Μορφή: Thesis Βιβλίο
Γλώσσα:Greek
Δημοσίευση: 2014
Θέματα:
Διαθέσιμο Online:http://hdl.handle.net/11610/7328
Ετικέτες: Προσθήκη ετικέτας
Δεν υπάρχουν, Καταχωρήστε ετικέτα πρώτοι!

MARC

LEADER 00000cam a2200000 i 4500
001 1/64496
008 150121s2014 gre d
035 |l 10120594 
040 |a GR-MY-UA  |b gre  |e aacr 
041 0 |a gre 
082 0 |a 551.457  |2 (22) 
100 1 |a Καρέλα, Βασιλική. 
245 1 0 |a Προβλέψεις οπισθοχώρησης των παραλιών λόγω της ανόδου της θαλάσσιας στάθμης στην Πελοπόννησο :  |b πτυχιακή εργασία /  |c Καρέλα Βασιλική ; επιβλέπων καθηγητής: Βελεγράκης Α. Φ. 
260 |c 2014 
300 |a 64 σ.;  |b εικ., πίν.;  |c 30 εκ. 
502 |a Πτυχιακή εργασία – Πανεπιστήμιο Αιγαίου, Λέσβος, 2014. 
504 |a Βιβλιογραφία: σ. 60-64 
650 0 0 |a Sea level. 
650 0 0 |a Coastal engineering. 
650 0 |a Coast changes  |z Greece  |z Peloponnesus (Peninsula) 
650 0 |a Coasts  |z Greece  |z Peloponnesus (Peninsula) 
650 0 0 |a Dissertations, Academic  |z Greece. 
700 1 |4 ths  |a Βελεγράκης, Αντώνιος Φ. 
710 2 |a Πανεπιστήμιο Αιγαίου  |b Σχολή Περιβάλλοντος  |b Τμήμα Επιστημών της Θάλασσας. 
852 |a INST  |b LESVOS  |c DIATR  |e 20150121  |h 831  |p 005100056214  |q 005100056214  |t DIE  |y 23 
852 |a INST  |b LESVOS  |c DIATR  |e 20150121  |h 832  |p 005100056213  |q 005100056213  |t DIE  |y 23 
856 |u http://hdl.handle.net/11610/7328 
901 |a BIBL1-2015-1 
909 |a Λ  |b 191526 
909 |a Λ  |b 191527 
924 |a ΚΑΡΕΛΑ  |b ΒΑΣΙΛΙΚΗ  |y ΛΕΣΒΟΣ  |z 2014-11 
970 |a ΤΖΑΦΕΡΗ  |b ΕΥΑΓΓΕΛΙΑ  |z 2015/01/21